| 000 | 01820nam a22002417a 4500 | ||
|---|---|---|---|
| 001 | 9159 | ||
| 003 | FISKH | ||
| 005 | 20260325093020.0 | ||
| 008 | 251126b cb ||||| |||| 00| 0 eng d | ||
| 020 | _a9789995002169 | ||
| 040 |
_aFISKH _bkhr _cFISKH _dFISKH |
||
| 050 | _aPZ7 | ||
| 082 | _a372.6 | ||
| 100 | _aSombo, Prey | ||
| 245 |
_aសៀវភៅហ្វឹកហាត់ សរសេរតាមអាននិងតែងសេចក្តី ថ្នាក់ទី ៤ / _cអ្នកនិពន្ធនិងរៀបរៀង លោក ព្រៃ សំបូរ , អ្នកវាយអត្ថបទ លោកស្រី ហាក់ ផាន្នី |
||
| 260 |
_aភ្នំពេញ : _bគ្រឹះស្ថានបោះពុម្ពនិងចែកផ្សាយ , _c2019 . |
||
| 300 |
_a106 pages : _bcolor illustrations ; _c21 cm . |
||
| 520 | _aសៀវភៅនេះត្រូវបានរៀបចំឡើង ដើម្បីជាជំនួយដល់ការបង្រៀននិងរៀនរបស់លោកគ្រូ អ្នកគ្រូ សិស្សានុសិស្ស និងមិត្តអ្នកសិក្សាទាំងអស់លើផ្នែកសរសេរតាមអាន និងតែងសេចក្តី ដើម្បីអោយទទួលបានលទ្ធផលល្អ និងប្រកបដោយប្រសិទ្ធិភាពខ្ពស់ ។ | ||
| 520 | _a“This book has been prepared to support the teaching and learning of teachers, students, and all learners in the areas of writing, reading, and composition, in order to achieve good results and high effectiveness.” | ||
| 700 |
_aVanten, Houy _eIllustrator |
||
| 942 |
_2ddc _cKHB _n0 |
||
| 999 |
_c9159 _d9159 |
||